[Event "GRE-chT 48th"]
[Site "Athens"]
[Date "2021.09.12"]
[Round "7.6"]
[White "Michos, Michail"]
[Black "Drakonakis, Athanasios"]
[Result "0-1"]
[WhiteElo "1086"]
[BlackElo "1685"]
[PlyCount "50"]
[EventDate "2021.09.07"]
[EventType "team-swiss"]
[EventRounds "7"]
[EventCountry "GRE"]
[SourceTitle "CBM 204 Extra"]
[Source "ChessBase"]
[SourceDate "2021.11.30"]
[SourceVersion "1"]
[SourceVersionDate "2021.11.30"]
[SourceQuality "1"]
[WhiteTeam "Ykaryas"]
[BlackTeam "Kallytheas"]
[WhiteTeamCountry "GRE"]
[BlackTeamCountry "GRE"]

1. e4 c5 2. Nc3 d6 3. g3 e5 4. Bg2 Nc6 5. d3 f5 6. Be3 Nf6 7. Qd2 Be7 8. f4 0-0 9. Nge2 Be6 10. Nd5 b5 11. Nxf6+ Bxf6 12. exf5 Bd7 13. fxe5 Bxe5 14. 0-0-0 Rxf5 15. Rdf1 Rc8 16. Rxf5 Bxf5 17. Rf1 Be6 18. d4 cxd4 19. Bxd4 Nxd4 20. Nxd4 Bxd4 21. Qxd4 Qg5+ 22. Kb1 Qg6 23. Be4 Qg4 24. Rf4 Qe2 25. Rf2 Qe1+ 0-1

[Event "GRE-chT 48th"]
[Site "Athens"]
[Date "2021.09.08"]
[Round "3.6"]
[White "Koukouves, Vlasios"]
[Black "Drakonakis, Athanasios"]
[Result "1-0"]
[WhiteElo "1627"]
[BlackElo "1685"]
[PlyCount "107"]
[EventDate "2021.09.07"]
[EventType "team-swiss"]
[EventRounds "7"]
[EventCountry "GRE"]
[SourceTitle "CBM 204 Extra"]
[Source "ChessBase"]
[SourceDate "2021.11.30"]
[SourceVersion "1"]
[SourceVersionDate "2021.11.30"]
[SourceQuality "1"]
[WhiteTeam "Keefysyas"]
[BlackTeam "Kallytheas"]
[WhiteTeamCountry "GRE"]
[BlackTeamCountry "GRE"]

1. e4 c5 2. Nf3 d6 3. Bb5+ Bd7 4. Bxd7+ Nxd7 5. 0-0 g6 6. c3 Bg7 7. d4 Nh6 8. Bg5 0-0 9. Qd2 Ng4 10. h3 Ngf6 11. Re1 e5 12. dxc5 dxc5 13. Na3 Qc7 14. Rad1 Rfd8 15. Qd6 Qxd6 16. Rxd6 h6 17. Bxf6 Nxf6 18. Rxd8+ Rxd8 19. Nxe5 Rd2 20. Nac4 Rc2 21. a4 b6 22. Nd3 a6 23. Nxb6 Rd2 24. Re3 Nxe4 25. Rxe4 Rxd3 26. Re2 Kf8 27. Nc4 Rd1+ 28. Kh2 Ra1 29. Nd6 Bf6 30. Nb7 Ra2 31. Nxc5 Bxc3 32. Nxa6 Bd4 33. Re4 Bxb2 34. Re2 Rxa4 35. Nc5 Ra2 36. Nd3 Be5+ 37. Rxe5 Ra7 38. g3 Kg7 39. h4 Kf6 40. Re3 Rb7 41. Kg2 h5 42. Nc5 Rc7 43. Ne4+ Kg7 44. Ng5 Rd7 45. Rf3 Rc7 46. Rxf7+ Rxf7 47. Nxf7 Kxf7 48. Kf3 Ke6 49. Ke4 Kf6 50. Kf4 Kf7 51. Kg5 Kg7 52. f4 Kf7 53. f5 gxf5 54. Kxf5 1-0

[Event "GRE-chT Online Rapid op 1st"]
[Site "Tornelo INT"]
[Date "2021.02.20"]
[Round "4.12"]
[White "Drakonakis, Athanasios"]
[Black "Bunis, Vassilis"]
[Result "0-1"]
[WhiteElo "1737"]
[BlackElo "2199"]
[PlyCount "68"]
[EventDate "2021.02.20"]
[EventType "team-swiss (rapid)"]
[EventRounds "9"]
[EventCountry "GRE"]
[SourceTitle "EXT 2023"]
[Source "ChessBase"]
[SourceDate "2022.10.05"]
[SourceVersion "1"]
[SourceVersionDate "2022.10.05"]
[SourceQuality "1"]

1. d4 Nf6 2. c4 e6 3. Nf3 Bb4+ 4. Bd2 Be7 5. g3 c5 6. Bg2 0-0 7. 0-0 d5 8. cxd5 exd5 9. Nc3 Nc6 10. Bf4 a6 11. Rc1 Ne4 12. dxc5 Nxc3 13. Rxc3 d4 14. Rc1 Be6 15. a3 a5 16. Ne5 Bd5 17. e4 Be6 18. Nxc6 bxc6 19. Qa4 d3 20. Rfd1 Bf6 21. Bf1 Bxb2 22. Rxd3 Qf6 23. Rcd1 Rfc8 24. Bd6 Bg4 25. Rc1 Bxc1 26. e5 Qg6 27. Rc3 Bh6 28. Bd3 Bf5 29. Be2 Be4 30. Rc4 Bd5 31. Rh4 Qb1+ 32. Bf1 Re8 33. Qg4 Re6 34. Qf5 Qxf5 0-1